部首为山的常见中文汉字 Common Chinese characters with the radical “Mountain” - Statistics

General Stats
  • This quiz has been taken 25 times
  • The average score is 36 of 87
Answer Stats
拼音首字母 笔画数 汉字 % Correct
f 10
96%
l 8
92%
s 3
92%
e 10
88%
ɡ 7
79%
j 10
79%
q 11
75%
s 13
71%
w 20
71%
a 8
67%
c 11
67%
x 9
67%
y 8
67%
z 9
67%
d 9
63%
l 7
63%
l 9
63%
q 7
63%
q 7
63%
r 12
63%
y 6 屿
63%
y 10
63%
z 9
63%
c 11
58%
k 11
58%
s 6
58%
y 11
58%
d 19
54%
q 10
54%
x 8
54%
y 8
54%
c 7
50%
l 10
50%
y 6
50%
c 12
46%
d 7
46%
m 8
46%
m 12
46%
a 7
42%
b 11
42%
d 8
42%
m 8
42%
q 12
42%
x 7
42%
z 14
42%
j 6
38%
k 8
38%
q 9
38%
w 12
38%
z 11
38%
ɡ 11
33%
j 11
33%
k 8 岿
33%
l 15
33%
q 6
33%
w 12
33%
x 11
33%
c 7
29%
d 8
29%
j 8
29%
s 13
29%
x 9
29%
y 8
29%
b 7
25%
h 8
25%
l 10
25%
y 7
25%
z 12
21%
c 20
17%
ɡ 8
17%
j 13
17%
q 6
17%
d 15
13%
q 7
13%
y 12
13%
y 17
13%
b 15
8%
c 12
8%
y 11
8%
z 12
8%
a 13
4%
b 10
4%
ɡ 11
4%
l 12
4%
q 12
4%
z 15
4%
j 12
0%
No matching quizzes found
Score Distribution
Percent of People with Each Score
Percentile by Number Answered
Your Score History
You have not taken this quiz